| 000 | 01297nam2a22003131 4500 | ||
|---|---|---|---|
| 001 | v19\rc\1784430 | ||
| 005 | 20250619074328.0 | ||
| 035 | _a(NLR Aleph) 004877631 | ||
| 090 |
_a5143032 _c5143032 |
||
| 100 | _a20061204d1904 |||y0rusy50 ca | ||
| 101 | 1 |
_arus _cpol |
|
| 102 | _aRU | ||
| 105 | _ay z ||||| | ||
| 200 | 1 |
_aНа краю лесов _aЧукчи |
|
| 210 |
_dценз. 1904 _aБ. м. |
||
| 215 | _a[8], 333 с. | ||
| 316 |
_aЭкз. РНБ (38.42.6.24): деф.: отсутствуют [6] с. _5NLR: 38.42.6.24 |
||
| 461 | 0 |
_1001v19\rc\1784429 _12001#$aСобрание сочинений$fВ. Серошевский$vТ. 1 _1700#1$aСерошевский$bВ. Л.$f1858-1945$gВацлав Леопольдович$3RU\NLR\AUTH\7788583 _95143030 _aСерошевский, В. (1858-1945) _cСанкт-Петербург _dц1904-ц1905-1905 _e2-е доп. изд., 6-я тыс. Т. 1-4 _fВ. Серошевский _nН. Глаголев _p4 т. _tСобрание сочинений _vТ. 1 |
|
| 801 | 0 |
_aRU _bNLR _gpsbo |
|
| 801 | 0 |
_aRU _bRuMoRGB _2psbo |
|
| 801 | 1 |
_aRU _bProSoft-M _2rusmarc |
|
| 852 |
_aNLR _j38.42.6.24 |
||
| 852 |
_aNLR _j129/2523 |
||
| 899 |
_aRuMoRGB _jA 272/232 |
||
| 899 |
_aRuMoRGB _jS 38/946 |
||
| 899 | _aБАН | ||
| 942 | _cBOOK | ||
| 980 | _aNB | ||